000 01368nam a2200337 i 4500
003 EG-GICUC
005 20260429164934.0
008 260112s1990 ua ||||fr|||| 00| 0 ara d
017 _a4526
020 _a977-276-182-3
040 _a EG-GICUC
_bara
_c EG-GICUC
_d EG-GICUC
_erda
041 _aara
082 0 4 _221
_a345.2
_bع ب . ق
092 0 4 _221
099 _aLaw1 07 345.2 ع ب . ق 1 ed - 1990
100 0 _aعبد المنعم محفوظ
_eمؤلف.
245 1 2 _aالقانون الإداري :
_bدراسات تاصيلية مقارنة في تنظيم و نشاط الادارة العامة ،
_nالكتاب الثاني ،
_pالنشاط الإداري /
_cدكتور عبد المنعم محفوظ
250 _aالطبعة الاولي
264 _aالقاهرة:
_bمكتبة عين شمس،
_c1990.
300 _a39 ؛صفحة
_c24 سم
336 _2rda content
_atext
337 _2rda media
_aComputer
338 _2rda carrier
_aOnline Resource
504 _aيشتمل على إرجاعات ببليوجرافية.
546 _aالنص أغلبه باللغة العربية بعض النصوص الإنجليزية والفرنسية
650 1 _aالقانون الإداري
_2qrmak
651 1 _2qrmak
856 4 0 _uhttps://fll.law.cu.edu.eg/fulltext/bks/B07-01034.pdf
905 _a74
942 _2ddc
_n0
_cBK
_e21
999 _c56500
_d56500